Curso de Química física

Bibliographic Details
Main Author: Guerasimov, Ya
Format: Section = Libro
Language:Undetermined
Spanish
Published: Moscú Mir Moscú 1986
Edition:4a.ed.
Subjects:
LEADER 00447nam a2200181Ia 4500
008 240829s9999 xx 000 0 und d
040 |a BIBLIOTECA-RUSB/ 541.3 C977, v.1 
041 |a spa 
082 |a 541.3 C977, v.1 
100 1 |a Guerasimov, Ya 
245 1 0 |a Curso de Química física 
250 |a 4a.ed. 
260 |a Moscú  |b Mir Moscú  |c 1986 
300 |a 636 p. :il. 
650 7 |a QUIMICA FISICA 
942 |c BK  |2 ddc 
991 |a TEXTO 
999 |c 2361